<?xml version="1.0" encoding="UTF-8"?>
<record
    xmlns:xsi="http://www.w3.org/2001/XMLSchema-instance"
    xsi:schemaLocation="http://www.loc.gov/MARC21/slim http://www.loc.gov/standards/marcxml/schema/MARC21slim.xsd"
    xmlns="http://www.loc.gov/MARC21/slim">

  <leader>02597nam a22002537a 4500</leader>
  <controlfield tag="005">20230124090814.0</controlfield>
  <controlfield tag="008">230123b           ||||| |||| 00| 0 eng d</controlfield>
  <datafield tag="020" ind1=" " ind2=" ">
    <subfield code="a">9788126729968</subfield>
  </datafield>
  <datafield tag="040" ind1=" " ind2=" ">
    <subfield code="c">AL</subfield>
  </datafield>
  <datafield tag="041" ind1=" " ind2=" ">
    <subfield code="a">hin</subfield>
  </datafield>
  <datafield tag="082" ind1=" " ind2=" ">
    <subfield code="2">23</subfield>
    <subfield code="a">H891.1</subfield>
    <subfield code="b">DABP</subfield>
  </datafield>
  <datafield tag="100" ind1=" " ind2=" ">
    <subfield code="a">Manglesh Dabral: &#x92E;&#x902;&#x917;&#x932;&#x947;&#x936; &#x921;&#x92C;&#x930;&#x93E;&#x932; </subfield>
    <subfield code="9">69662</subfield>
  </datafield>
  <datafield tag="100" ind1=" " ind2=" ">
    <subfield code="9">69648</subfield>
    <subfield code="d">Pankaj Chaturvedi: &#x92A;&#x902;&#x915;&#x91C; &#x91A;&#x924;&#x941;&#x930;&#x94D;&#x935;&#x947;&#x926;&#x940; </subfield>
  </datafield>
  <datafield tag="245" ind1=" " ind2=" ">
    <subfield code="a">Pratinidhi kavitayen: &#x92A;&#x94D;&#x930;&#x924;&#x93F;&#x928;&#x93F;&#x927;&#x93F; &#x915;&#x935;&#x93F;&#x924;&#x93E;&#x90F;&#x901; </subfield>
  </datafield>
  <datafield tag="260" ind1=" " ind2=" ">
    <subfield code="a">Dilli</subfield>
    <subfield code="b">Rajkamal Prakashan</subfield>
    <subfield code="c">2021</subfield>
  </datafield>
  <datafield tag="300" ind1=" " ind2=" ">
    <subfield code="a">152p.</subfield>
    <subfield code="b">PB</subfield>
    <subfield code="c">17x12cm.</subfield>
  </datafield>
  <datafield tag="365" ind1=" " ind2=" ">
    <subfield code="2">Hindi</subfield>
    <subfield code="a">1831</subfield>
    <subfield code="b">84.00</subfield>
    <subfield code="c">&#x20B9;</subfield>
    <subfield code="d">99.00</subfield>
    <subfield code="e">15%</subfield>
    <subfield code="f">11-12-2022</subfield>
  </datafield>
  <datafield tag="520" ind1=" " ind2=" ">
    <subfield code="a">&#x906;&#x932;&#x94B;&#x915;&#x927;&#x928;&#x94D;&#x935;&#x93E; &#x915;&#x939;&#x924;&#x947; &#x939;&#x948;&#x902; &#x915;&#x93F; '&#x92E;&#x902;&#x917;&#x932;&#x947;&#x936; &#x92B;&#x942;&#x932; &#x915;&#x940; &#x924;&#x930;&#x939; &#x928;&#x93E;&#x91C;&#x93C;&#x941;&#x915; &#x914;&#x930; &#x92A;&#x935;&#x93F;&#x924;&#x94D;&#x930; &#x939;&#x948;&#x902;&#x964;' &#x928;&#x93F;&#x936;&#x94D;&#x91A;&#x92F; &#x939;&#x940; &#x938;&#x94D;&#x935;&#x92D;&#x93E;&#x935; &#x915;&#x940; &#x938;&#x91A;&#x93E;&#x908;, &#x915;&#x94B;&#x92E;&#x932;&#x924;&#x93E;, &#x938;&#x902;&#x91C;&#x940;&#x926;&#x917;&#x940;, &#x928;&#x93F;&#x938;&#x94D;&#x92A;&#x943;&#x939;&#x924;&#x93E; &#x914;&#x930; &#x92F;&#x941;&#x92F;&#x941;&#x924;&#x94D;&#x938;&#x93E; &#x909;&#x928;&#x94D;&#x939;&#x947;&#x902; &#x905;&#x92A;&#x928;&#x940; &#x91C;&#x921;&#x93C;&#x94B;&#x902; &#x938;&#x947; &#x939;&#x93E;&#x938;&#x93F;&#x932; &#x939;&#x941;&#x908; &#x939;&#x948;, &#x92A;&#x930; &#x907;&#x928; &#x92E;&#x942;&#x932;&#x94D;&#x92F;&#x94B;&#x902; &#x915;&#x94B; &#x909;&#x928;&#x94D;&#x939;&#x94B;&#x902;&#x928;&#x947; &#x905;&#x92A;&#x928;&#x940; &#x92A;&#x94D;&#x930;&#x924;&#x93F;&#x936;&#x94D;&#x930;&#x941;&#x924;&#x93F; &#x938;&#x947; &#x905;&#x915;&#x94D;&#x937;&#x941;&#x923;&#x94D;&#x923; &#x930;&#x916;&#x93E; &#x939;&#x948;&#x964; &#x92E;&#x902;&#x917;&#x932;&#x947;&#x936; &#x921;&#x92C;&#x930;&#x93E;&#x932; &#x915;&#x940; &#x915;&#x93E;&#x935;&#x94D;&#x92F;&#x93E;&#x928;&#x941;&#x92D;&#x942;&#x924;&#x93F; &#x915;&#x940; &#x92C;&#x928;&#x93E;&#x935;&#x91F; &#x92E;&#x947;&#x902; &#x909;&#x928;&#x915;&#x947; &#x938;&#x94D;&#x935;&#x92D;&#x93E;&#x935; &#x915;&#x940; &#x915;&#x947;&#x928;&#x94D;&#x926;&#x94D;&#x930;&#x940;&#x92F; &#x92D;&#x942;&#x92E;&#x93F;&#x915;&#x93E; &#x939;&#x948;&#x964; &#x909;&#x928;&#x915;&#x947; &#x905;&#x928;&#x94D;&#x926;&#x93E;&#x91C;&#x93C;&#x947;-&#x92C;&#x92F;&#x93E;&#x901; &#x92E;&#x947;&#x902; &#x938;&#x902;&#x915;&#x94B;&#x91A;, &#x92E;&#x930;&#x94D;&#x92F;&#x93E;&#x926;&#x93E; &#x914;&#x930; &#x915;&#x930;&#x941;&#x923;&#x93E; &#x915;&#x940; &#x90F;&#x915; &#x932;&#x91C;&#x93F;&#x931;&#x94D;&#x936; &#x939;&#x948;&#x964; &#x90F;&#x915; &#x906;&#x915;&#x94D;&#x930;&#x93E;&#x92E;&#x915;, &#x935;&#x93E;&#x91A;&#x93E;&#x932; &#x914;&#x930; &#x932;&#x93E;&#x932;&#x91A;&#x940; &#x938;&#x92E;&#x92F; &#x92E;&#x947;&#x902; &#x909;&#x928;&#x94D;&#x939;&#x94B;&#x902;&#x928;&#x947; &#x938;&#x92B;&#x932;&#x924;&#x93E; &#x928;&#x939;&#x940;&#x902;, &#x938;&#x93E;&#x930;&#x94D;&#x925;&#x915;&#x924;&#x93E; &#x915;&#x94B; &#x938;&#x94D;&#x92A;&#x943;&#x939;&#x923;&#x940;&#x92F; &#x92E;&#x93E;&#x928;&#x93E; &#x939;&#x948; &#x914;&#x930; &#x91C;&#x92C; &#x909;&#x928;&#x915;&#x93E; &#x92E;&#x928;&#x94D;&#x924;&#x935;&#x94D;&#x92F; &#x92F;&#x939; &#x939;&#x94B; &#x915;&#x93F; &#x92E;&#x928;&#x941;&#x937;&#x94D;&#x92F; &#x939;&#x94B;&#x928;&#x93E; &#x938;&#x92C;&#x938;&#x947; &#x92C;&#x921;&#x93C;&#x940; &#x938;&#x93E;&#x930;&#x94D;&#x925;&#x915;&#x924;&#x93E; &#x939;&#x948;, &#x924;&#x94B; &#x910;&#x938;&#x93E; &#x928;&#x939;&#x940;&#x902; &#x915;&#x93F; &#x92F;&#x939; &#x915;&#x94B;&#x908; &#x906;&#x938;&#x93E;&#x928; &#x92E;&#x915;&#x938;&#x926; &#x939;&#x948;, &#x92C;&#x932;&#x94D;&#x915;&#x93F; &#x938;&#x939;&#x91C; &#x939;&#x940; &#x905;&#x928;&#x941;&#x92E;&#x93E;&#x928; &#x915;&#x93F;&#x92F;&#x93E; &#x91C;&#x93E; &#x938;&#x915;&#x924;&#x93E; &#x939;&#x948; &#x915;&#x93F; &#x92F;&#x939; &#x906;&#x938;&#x93E;&#x928;&#x940; &#x915;&#x93F;&#x924;&#x928;&#x940; &#x926;&#x941;&#x936;&#x94D;&#x935;&#x93E;&#x930; &#x939;&#x948;&#x964;</subfield>
  </datafield>
  <datafield tag="650" ind1=" " ind2=" ">
    <subfield code="a">Hindi Poetry: &#x939;&#x93F;&#x902;&#x926;&#x940; &#x915;&#x935;&#x93F;&#x924;&#x93E; </subfield>
    <subfield code="9">69638</subfield>
  </datafield>
  <datafield tag="650" ind1=" " ind2=" ">
    <subfield code="a">Hindi Literature: &#x939;&#x93F;&#x902;&#x926;&#x940; &#x938;&#x93E;&#x939;&#x93F;&#x924;&#x94D;&#x92F; </subfield>
    <subfield code="9">69639</subfield>
  </datafield>
  <datafield tag="700" ind1=" " ind2=" ">
    <subfield code="a">DABRAL (Manglesh): &#x921;&#x92C;&#x930;&#x93E;&#x932; (&#x92E;&#x902;&#x917;&#x932;&#x947;&#x936;)</subfield>
    <subfield code="9">69640</subfield>
  </datafield>
  <datafield tag="700" ind1=" " ind2=" ">
    <subfield code="a">CHATURVEDI (Pankaj): &#x91A;&#x924;&#x941;&#x930;&#x94D;&#x935;&#x947;&#x926;&#x940; (&#x92A;&#x902;&#x915;&#x91C;)</subfield>
    <subfield code="9">69661</subfield>
  </datafield>
  <datafield tag="942" ind1=" " ind2=" ">
    <subfield code="2">ddc</subfield>
    <subfield code="c">BK</subfield>
  </datafield>
  <datafield tag="999" ind1=" " ind2=" ">
    <subfield code="c">226410</subfield>
    <subfield code="d">226410</subfield>
  </datafield>
  <datafield tag="952" ind1=" " ind2=" ">
    <subfield code="0">0</subfield>
    <subfield code="1">0</subfield>
    <subfield code="2">ddc</subfield>
    <subfield code="4">0</subfield>
    <subfield code="7">0</subfield>
    <subfield code="8">HIN</subfield>
    <subfield code="a">AL</subfield>
    <subfield code="b">AL</subfield>
    <subfield code="d">2023-01-23</subfield>
    <subfield code="e">Vidya Vihar Govind Nagar Kanpur 208006</subfield>
    <subfield code="g">84.00</subfield>
    <subfield code="l">0</subfield>
    <subfield code="o">H891.1 DABP</subfield>
    <subfield code="p">076325</subfield>
    <subfield code="r">2023-01-24 00:00:00</subfield>
    <subfield code="v">99.00</subfield>
    <subfield code="w">2023-01-24</subfield>
    <subfield code="y">BK</subfield>
  </datafield>
</record>
